Reflections on the revolution in Europe immigration, Islam and the West
Saved in:
| Main Author: | |
|---|---|
| Format: | Book |
| Language: | English |
| Published: |
London
Allen Lane/Penguin Books
2009
|
| Subjects: | |
| Tags: |
No Tags, Be the first to tag this record!
|
MARC
| LEADER | 00000nam$a2200000$$$4500 | ||
|---|---|---|---|
| 001 | 0105114 | ||
| 005 | 20240312115948.5 | ||
| 020 | |a 978-0-713-99936-5 | ||
| 041 | 0 | |a eng | |
| 044 | |a GB | ||
| 245 | 1 | 0 | |a Reflections on the revolution in Europe |b immigration, Islam and the West |c Christopher Caldwell |
| 264 | 1 | |a London |b Allen Lane/Penguin Books |c 2009 | |
| 300 | |a 363 s. | ||
| 610 | 2 | 0 | |a imigrácia |
| 610 | 2 | 0 | |a problémy spoločenské |
| 610 | 2 | 0 | |a islam |
| 610 | 2 | 0 | |a miesta pracovné |
| 610 | 2 | 0 | |a politika azylová |
| 610 | 2 | 0 | |a práva ľudské |
| 610 | 2 | 0 | |a konflikty etnické |
| 610 | 2 | 0 | |a kultúra |
| 610 | 2 | 0 | |a Európa |
| 610 | 2 | 0 | |a Európska únia |
| 610 | 2 | 0 | |a Amerika |
| 100 | 1 | |a Caldwell, Christopher | |